[Event "FRA-ch U14"]
[Site "Montbeliard"]
[Date "2014.04.27"]
[Round "9"]
[White "Nguyen, Vincent1111"]
[Black "Chiche, Thibaut"]
[Result "1-0"]
[WhiteElo "2242"]
[BlackElo "1653"]
[PlyCount "53"]
[EventDate "2014.04.21"]
[EventType "swiss"]
[EventRounds "9"]
[EventCountry "FRA"]
[SourceTitle "CBM 160 Extra"]
[Source "ChessBase"]
[SourceDate "2014.07.01"]
[SourceVersion "1"]
[SourceVersionDate "2014.07.01"]
[SourceQuality "1"]

1. d4 Nf6 2. c4 a6 3. Nc3 c5 4. e3 g6 5. Nf3 Bg7 6. Be2 0-0 7. 0-0 cxd4 8. exd4 d5 9. Be3 Nc6 10. Qd2 dxc4 11. Bxc4 b5 12. Bd3 Ng4 13. h3 Nxe3 14. fxe3 Bb7 15. Rac1 Qd7 16. Ne4 Rab8 17. Nc5 Qd6 18. Ng5 h6 19. Nge4 Qc7 20. d5 Ne5 21. Nxa6 Qxc1 22. Rxc1 Bxa6 23. Nc5 Nxd3 24. Qxd3 Rfc8 25. Rc2 Rb6 26. Nxa6 Rxc2 27. Qxc2 1-0